Leadership : the multiplier effect

Bibliographic Details
Main Author: Cope, Andy
Format: Book
Published: London : Carmelite House , 2019
Subjects:

MARC

LEADER 00000cam a2200000 7i4500
001 0000278999
005 20210309164218.0
020 |a 9781473695696 
090 0 0 |a 658.4092   |b COP 
100 1 |a Cope, Andy 
245 1 0 |a Leadership :   |b the multiplier effect   |c Andy Cope, Mike Martin & Jonathan Peach 
260 |a London :   |b Carmelite House ,   |c 2019 
300 |a 224p. ;   |c 20cm. 
650 0 |a Leardership 
650 0 |a Success in business 
999 |a 00385920   |b BUKU   |c PINJAMAN   |e PERPUSTAKAAN KOMUNITI CAW BANDAR UTAMA